Club de football par pays - Statistiques

Statistiques générales
  • Ce quiz a été pris 138 fois
    88 depuis la dernière actualisation
  • Le résultat moyen est 30 sur 45
Réponses sur la Carte
Les réponses sont colorées sur une échelle allant du rouge au vert en fonction du pourcentage des utilisateurs qui les ont devinées à leur premier essai. Vous pouvez retrouver ces pourcentages ci-dessous.
 
Statistiques - réponses
Hint Hint % Correct
AS Monaco Monaco
95%
Lille OSC France
91%
Atalanta Italie
91%
Real Sociedad Espagne
85%
Aston Villa Royaume-uni
83%
FK Minsk Biélorussie
81%
HJK Helsinki Finlande
81%
SC Braga Portugal
79%
RB Salzburg Autriche
78%
Étoile Rouge de Belgrade Serbie
77%
SC Freiburg Allemagne
76%
KRC Genk Belgique
74%
Slovan Bratislava Slovaquie
74%
Shakhtar Donetsk Ukraine
73%
Riga FC Lettonie
72%
Žalgiris Vilnius Lituanie
72%
APOEL Nicosie Chypre
71%
AZ Alkmaar Pays-Bas
71%
FC Lugano Suisse
71%
FC Flora Tallinn Estonie
69%
Shamrock Rovers Irlande
69%
Aris Thessalonique Grèce
68%
FC Vaduz liechtenstein
68%
FC Krasnodar Russie
68%
Lech Poznan Pologne
67%
FC Midtjylland Danemark
65%
Valletta FC Malte
65%
IFK Goteborg Suède
65%
Inter Club d'Escaldes Andorre
64%
Viktoria Plzen République tchèque
63%
HNK Rijeka Croatie
62%
Ferencvaros Hongrie
62%
Rosenborg Norvège
62%
FH Hafnarfjörður Islande
60%
FCSB Roumanie
60%
FK Budućnost Podgorica Monténégro
55%
SP Tre Penne Saint-Marin
54%
NK Maribor Slovénie
54%
Partizani Albanie
53%
F91 Dudelange Luxembourg
53%
KF Ballkani Kosovo
51%
Sheriff Tiraspol Moldavie
51%
Botev Plovdiv Bulgarie
47%
FK Vardar Macédoine du nord
45%
NK Široki Brijeg Bosnie-Herzégovine
44%
Aucun quiz correspondant
Distribution des résultats
% des personnes avec chaque résultat
Percentile par nombre de réponses
Votre historique - résultats
Vous n’avez pas pris ce quiz depuis la dernière actualisation